00594 2200205 4500001002100000005001500021035002000036007000300056008004100059245007300100260003800173020002200211082001000233084001600243250002000259100003000279300005300309650001000362990001600372INLIS00000000000030320221027120215 a0010-1022000045ta221027 b 0 ind 1 aKomik Next-G: Surga di Telapak Kaki Ibu /cAliya Nur Hidayaturrohmah aBandung :bMuffin Graphics,c2019 a978-602-367-668-2 a741.5 a741.5 ALI k aEd. II Cet. III0 aAliya Nur Hidayaturrohmah a100 halaman :bilustrasi tidak berwarna ;c21 cm 4aKomik a00000000401